Combien de ville du Vaucluse (84) connais-tu ? - Statistiques

Statistiques générales
  • Ce quiz a été pris 36 fois
  • Le résultat moyen est 32 sur 151
Statistiques - réponses
Code Postal Ville % Correct
84140 Avignon
94%
84201 Carpentras
81%
84873 Orange
71%
84700 Sorgues
71%
84043 Apt
65%
84300 Cavaillon
65%
84911 Le Pontet
65%
84500 Bollène
61%
84800 L'Isle-sur-la-Sorgue
61%
84120 Pertuis
58%
84210 Pernes-les-Fontaines
55%
84110 Vaison-la-Romaine
55%
84170 Monteux
52%
84800 Fontaine-de-Vaucluse
48%
84220 Gordes
48%
84380 Mazan
48%
84340 Malaucène
45%
84260 Sarrians
45%
84350 Courthézon
42%
84150 Jonquières
42%
84310 Morières-lès-Avignon
42%
84390 Sault
42%
84370 Bédarrides
39%
84250 Le Thor
39%
84043 Valréas
39%
84276 Vedène
39%
84410 Bédoin
35%
84232 Châteauneuf-du-Pape
35%
84460 Cheval-Blanc
35%
84210 Saint-Didier
35%
84810 Aubignan
32%
84440 Robion
32%
84490 Saint-Saturnin-lès-Apt
32%
84450 Saint-Saturnin-lès-Avignon
32%
84190 Beaumes-de-Venise
29%
84330 Caromb
29%
84510 Caumont-sur-Durance
29%
84870 Loriol-du-Comtat
29%
84430 Mondragon
29%
84290 Sainte-Cécile-les-Vignes
29%
84480 Bonnieux
26%
84860 Caderousse
26%
84470 Châteauneuf-de-Gadagne
26%
84320 Entraigues-sur-la-Sorgue
26%
84480 Lacoste
26%
84390 Monieux
26%
84550 Mornas
26%
84740 Velleron
26%
84210 Venasque
26%
84820 Visan
26%
84210 Althen-des-Paluds
23%
84160 Cucuron
23%
84190 Gigondas
23%
84660 Maubec
23%
84570 Mormoiron
23%
84420 Piolenc
23%
84220 Roussillon
23%
84190 Vacqueyras
23%
84850 Camaret-sur-Aigues
19%
84800 Lagnes
19%
84840 Lapalud
19%
84210 La Roque-sur-Pernes
19%
84240 La Tour-d'Aigues
19%
84330 Le Barroux
19%
84220 Murs
19%
84580 Oppède
19%
84400 Rustrel
19%
84100 Uchaux
19%
84150 Violès
19%
84390 Aurel
16%
84220 Beaumettes
16%
84570 Blauvac
16%
84390 Brantes
16%
84220 Cabrières-d'Avignon
16%
84160 Cadenet
16%
84290 Cairanne
16%
84450 Jonquerettes
16%
84360 Lauris
16%
84210 Le Beaucet
16%
84220 Lioux
16%
84570 Malemort-du-Comtat
16%
84360 Mérindol
16%
84110 Sablet
16%
84390 Saint-Christol
16%
84240 Ansouis
13%
84340 Entrechaux
13%
84410 Flassan
13%
84400 Gargas
13%
84220 Goult
13%
84160 Lourmarin
13%
84560 Ménerbes
13%
84570 Méthamis
13%
84110 Roaix
13%
84190 Suzette
13%
84850 Travaillan
13%
84570 Villes-sur-Auzon
13%
84120 Beaumont-de-Pertuis
10%
84340 Beaumont-du-Ventoux
10%
84110 Buisson
10%
84480 Buoux
10%
84110 Crestet
10%
84410 Crillon-le-Brave
10%
84110 Faucon
10%
84600 Grillon
10%
84220 Joucas
10%
84840 Lamotte-du-Rhône
10%
84330 Modène
10%
84110 Puyméras
10%
84600 Richerenches
10%
84330 Saint-Hippolyte-le-Graveyron
10%
84390 Saint-Léger-du-Ventoux
10%
84390 Saint-Trinit
10%
84800 Saumane-de-Vaucluse
10%
84390 Savoillan
10%
84830 Sérignan-du-Comtat
10%
84308 Taillades
10%
84110 Villedieu
10%
84400 Auribeau
6%
84240 La Bastide-des-Jourdans
6%
84190 Lafare
6%
84400 Lagarde-d'Apt
6%
84290 Lagarde-Paréol
6%
84190 La Roque-Alric
6%
84110 Saint-Romain-en-Viennois
6%
84290 Saint-Roman-de-Malegarde
6%
84110 Séguret
6%
84400 Villars
6%
84530 Villelaure
6%
84240 Cabrières-d'Aigues
3%
84750 Caseneuve
3%
84400 Castellet-en-Luberon
3%
84120 La Bastidonne
3%
84240 La Motte-d'Aigues
3%
84120 Mirabeau
3%
84360 Puget
3%
84110 Rasteau
3%
84400 Saignon
3%
84110 Saint-Marcellin-lès-Vaison
3%
84220 Saint-Pantaléon
3%
84160 Vaugines
3%
84750 Viens
3%
84400 Gignac
0%
84240 Grambois
0%
84240 Peypin-d'Aigues
0%
84160 Puyvert
0%
84750 Saint-Martin-de-Castillon
0%
84760 Saint-Martin-de-la-Brasque
0%
84330 Saint-Pierre-de-Vassols
0%
84240 Sannes
0%
84400 Sivergues
0%
84240 Vitrolles-en-Lubéron
0%
Aucun quiz correspondant
Distribution des résultats
% des personnes avec chaque résultat
Percentile par nombre de réponses
Votre historique - résultats
Vous n’avez pas pris ce quiz